Normal view
MARC view
- Montgomery D
Entry Personal Name
001 - CONTROL NUMBER
- control field: 216786
003 - CONTROL NUMBER IDENTIFIER
- control field: OSt
005 - DATE AND TIME OF LATEST TRANSACTION
- control field: 20260224173529.0
008 - FIXED-LENGTH DATA ELEMENTS
- fixed length control field: 260224|| aca||aabn | a|a d
040 ## - CATALOGING SOURCE
- Original cataloging agency: OSt
- Transcribing agency: OSt
100 ## - HEADING--PERSONAL NAME
- Personal name: Montgomery D
670 ## - SOURCE DATA FOUND
- Source citation: Work cat.: (OSt)370515: Montgomery D., Applied Statistics And Probability For Engineers, 2014